Estándares laborales después del TLCAN /
Guardat en:
| Autor principal: | |
|---|---|
| Autor corporatiu: | , |
| Altres autors: | |
| Format: | Text |
| Publicat: |
México, D.F:
FLACSO
|
| Matèries: | |
| Etiquetes: |
Afegir etiqueta
Sense etiquetes, Sigues el primer a etiquetar aquest registre!
|
MARC
| LEADER | 00000 a a2200000 04500 | ||
|---|---|---|---|
| 001 | 26853 | ||
| 003 | |||
| 040 | |||
| 020 | |a 968-856-677-2 | ||
| 090 | |a 146600 | ||
| 100 | |a Bensusán, Graciela | ||
| 110 | |a FLACSO | ||
| 245 | |a Estándares laborales después del TLCAN / |c FLACSO | ||
| 260 | |a México, D.F: |b FLACSO | ||
| 300 | |a 238 p. | ||
| 650 | |a ZONAS DE LIBRE COMERCIO | ||
| 650 | |a DERECHO DEL TRABAJO | ||
| 650 | |a EMPRESAS TRANSNACIONALES | ||
| 650 | |a SINDICATOS | ||
| 650 | |a POLITICA SOCIAL | ||
| 700 | |a comp. | ||
| 710 | |a Friedrich Ebert Stiftung | ||
| 999 | |c 8135 |d 8135 | ||



